محمد رسول الحرية / (Record no. 13870)

MARC details
000 -الفاتح
حقل البيانات ثابتة الطول 00693nam a22002175a 4500
003 - محدد رقم الضبط
رقم الضبط OSt
005 - وقت وتاريخ اخر تعامل مع التسجيلة
رقم الضبط 20150826103707.0
008 - عناصر البيانات ثابتة الطول - معلومات عامة
حقل البيانات ثابتة الطول 100412s2008 ua|||||fr||| 000 0 aaradd
020 ## - الرقم الدولى المعيارى للكتب
الرقم الدولى المعيارى للكتاب 9789770923121
040 ## - مصدر الفهرسة
وكالة الفهرسة الأصلية EG-ScBUE
لغة الفهرسة ara
وكالة النسخ EG-ScBUE
082 04 - رقم تصنيف ديوى العشرى
رقم التصنيف 297.63
رقم المادة ا ل ش
رقم الطبعة 22
100 1# - المدخل الرئيسى - إسم شخصى
الإسم الشخصى الشرقاوي، عبد الرحمن
9 (RLIN) 13449
245 10 - بيان العنوان
العنوان محمد رسول الحرية /
بيان المسئوليه,etc عبد الرحمن الشرقاوي
260 ## - PUBLICATION, DISTRIBUTION, ETC. (IMPRINT)
مكان الناشر او الموزع القاهرة:
اسم الناشر او الموزع دار الشروق ،
تاريخ النشر أو التوزيع 2008.
300 ## - الوصف المادى
التعداد 378 ؛ ص
أبعاد الوعاء 22 سم
590 ## - تبصرة محلية(RLIN)
تبصرة محلية doaa mohamed
650 ## - المدخل الاضافى بالموضوع-مصطلح موضوعى
9 (RLIN) 13450
مصطلح موضوعي أو اسم جغرافي كعنصر مدخل السيرة النبوية
مصدر الرأس أو المصطلح BUEsh
651 ## - المدخل الاضافى بالموضوع - اسم جغرافى
مصدر الرأس أو المصطلح BUEsh
653 ## - مصطلح تكشيفى غير مقيد
Resource For college Arabic Literature
Arrived date list August2015
942 ## - عناصر المدخل الإضافي( كوها)
مصدر التصنيف او مخطط الترفيف Dewey Decimal Classification
سابقة رقم الطلب 297.63 ا ل ش
Koha [default] item type Book - Borrowing
Holdings
حالة التراجع حالة الفقد مصدر التصنيف او خطة الترفيف حالة تلف ليس للاعارة المكان الدائم المكان الحالي موقع الترفيف تاريخ الاكتساب Source of acquisition سعر الشراء الطبيعي تعداد مسلسل / التسلسل الزمني رقم الاستدعاء الباركود Date last seen مُعار نوع الوعاء
    Dewey Decimal Classification     Central Library Central Library Lower Floor 12/04/2010   40.00 3 297.63 ا ل ش 000020659 15/07/2025 19/06/2017 Book - Borrowing